=LDR 00000nam 2200000 4500 =001 NUTBA000000000002060 =005 20140602094647.0 =006 =007 =008 =020 ##$$a 978-979-29-2608-8 =035 ##$$a 0010-061400000000003 =040 ##$$a NBPDMAT =082 ##$$a 631.875 =090 ##$$a 631.875 $b Her k =100 ##$$a Hery Soeryoko =245 ##$$a Kiat pintar menu produksi kompos dengan pengurai buatan sendiri / $c Hery Soeryoko =250 ##$$a Ed.1 =260 ##$$a Yogyakarta : $b Lily Publisher, $c 2011 =300 ##$$a xii, 116 hlm. : $b ilus. ; $c 21 cm. =500 ##$$a Bibliografi : hlm. 109 =650 ##$$a Kompos =850 ##$$a NBPDMAT =990 ##$$a 21400477